[Event "RUS-CHN Junior rapid"]
[Site "Ekaterinburg"]
[Date "2025.07.13"]
[Round "5.1"]
[White "Yang, ZiLong"]
[Black "Starikov, Vadim"]
[Result "1-0"]
[WhiteElo "2372"]
[BlackElo "2066"]
[PlyCount "83"]
[EventDate "2025.07.12"]
[EventType "schev (rapid)"]
[EventRounds "8"]
[EventCountry "RUS"]
[SourceTitle "CB29_2025"]
[SourceDate "2025.07.16"]
[SourceVersion "1"]
[SourceVersionDate "2025.07.16"]
[SourceQuality "1"]
[WhiteTeam "CHN"]
[BlackTeam "RUS"]
[WhiteTeamCountry "CHN"]
[BlackTeamCountry "RUS"]

1. e4 c5 2. Nf3 e6 3. d4 cxd4 4. Nxd4 Nf6 5. Nc3 Nc6 6. Be2 Be7 7. Nxc6 bxc6 8. e5 Nd5 9. Ne4 Qc7 10. Nd6+ Bxd6 11. exd6 Qa5+ 12. Bd2 Qc5 13. c4 Nf6 14. Be3 Qb4+ 15. Qd2 Qxd2+ 16. Bxd2 Ne4 17. Bf4 f6 18. Bd3 Nc5 19. Bc2 e5 20. Be3 Ne6 21. c5 Ba6 22. Kd2 Bc4 23. f3 Kf7 24. Kc3 Bd5 25. b4 Rab8 26. Rhd1 g6 27. a4 f5 28. b5 f4 29. Bf2 Rhe8 30. Rab1 Ng7 31. Rxd5 cxd5 32. Bb3 Ne6 33. Bxd5 Rec8 34. Re1 Kf6 35. Kc4 g5 36. Bxe6 Kxe6 37. Bd4 Kf7 38. Rxe5 Re8 39. Rf5+ Kg6 40. Rf6+ Kh5 41. c6 dxc6 42. bxc6 1-0

[Event "RUS-CHN Junior rapid"]
[Site "Ekaterinburg"]
[Date "2025.07.12"]
[Round "2.8"]
[White "Wang, Yuxuan1"]
[Black "Starikov, Vadim"]
[Result "1-0"]
[WhiteElo "1836"]
[BlackElo "2066"]
[PlyCount "103"]
[EventDate "2025.07.12"]
[EventType "schev (rapid)"]
[EventRounds "8"]
[EventCountry "RUS"]
[SourceTitle "CB29_2025"]
[SourceDate "2025.07.16"]
[SourceVersion "1"]
[SourceVersionDate "2025.07.16"]
[SourceQuality "1"]
[WhiteTeam "CHN"]
[BlackTeam "RUS"]
[WhiteTeamCountry "CHN"]
[BlackTeamCountry "RUS"]

1. d4 Nf6 2. Bf4 b6 3. e3 Bb7 4. Nd2 d6 5. Ngf3 Nh5 6. Bg5 h6 7. Bh4 g5 8. Bg3 Nxg3 9. hxg3 Bg7 10. Bd3 e6 11. c3 Nd7 12. Qe2 a6 13. 0-0 0-0 14. e4 c5 15. Nc4 Qc7 16. Rfe1 b5 17. Ne3 Rfe8 18. Rad1 Nf6 19. Nf1 g4 20. N3h2 h5 21. Bb1 Nd7 22. Qd3 cxd4 23. cxd4 Qc4 24. Qe3 e5 25. dxe5 Nxe5 26. Qg5 Re6 27. Ne3 Rg6 28. Qxg6 fxg6 29. Nxc4 Nxc4 30. b3 Na3 31. Rxd6 Bc3 32. Rc1 Nxb1 33. Rxb1 Bxe4 34. Rc1 b4 35. Nf1 a5 36. Nd2 Bf5 37. Nc4 a4 38. Ne3 axb3 39. axb3 Ra3 40. Nxf5 gxf5 41. Rb1 Kf7 42. Rh6 Ra2 43. Rd6 Ke7 44. Rb6 Kd7 45. Rh6 Rd2 46. Rxh5 Ke6 47. Re1+ Kf6 48. Rh6+ Kg7 49. Ra6 Bd4 50. Re7+ Kf8 51. Rb7 Bxf2+ 52. Kf1 1-0

[Event "Moscow Smyslov-B"]
[Site "Moscow"]
[Date "2025.06.08"]
[Round "7"]
[White "Taran, Egor A"]
[Black "Starikov, Vadim"]
[Result "1/2-1/2"]
[WhiteElo "1946"]
[BlackElo "1999"]
[PlyCount "52"]
[EventDate "2025.06.02"]
[EventType "swiss"]
[EventRounds "8"]
[EventCountry "RUS"]
[SourceTitle "CB29_2025"]
[SourceDate "2025.07.16"]
[SourceVersion "1"]
[SourceVersionDate "2025.07.16"]
[SourceQuality "1"]

1. e4 c5 2. Nc3 Nc6 3. Nf3 Nf6 4. Bb5 Qc7 5. 0-0 Nd4 6. Nxd4 cxd4 7. Nd5 Nxd5 8. exd5 Qc5 9. c4 a6 10. b4 Qxb4 11. Ba4 b5 12. cxb5 axb5 13. Bb3 g6 14. d3 Bg7 15. Bd2 Qd6 16. Qe1 Qf6 17. Bb4 d6 18. a4 bxa4 19. Bxa4+ Kf8 20. Qc1 Kg8 21. Qc6 Rb8 22. Qe8+ Bf8 23. Bd2 Kg7 24. Qd8 Ra8 25. Qe8 Rb8 26. Qd8 Ra8 1/2-1/2

[Event "Moscow Smyslov-B"]
[Site "Moscow"]
[Date "2025.06.06"]
[Round "5"]
[White "Starikov, Vadim"]
[Black "Ippolitov, Mikhail Al"]
[Result "1/2-1/2"]
[WhiteElo "1999"]
[BlackElo "1915"]
[PlyCount "102"]
[EventDate "2025.06.02"]
[EventType "swiss"]
[EventRounds "8"]
[EventCountry "RUS"]
[SourceTitle "CB29_2025"]
[SourceDate "2025.07.16"]
[SourceVersion "1"]
[SourceVersionDate "2025.07.16"]
[SourceQuality "1"]

1. e4 e5 2. Nf3 Nc6 3. Bb5 a6 4. Ba4 Nf6 5. 0-0 Nxe4 6. d4 b5 7. Bb3 d5 8. dxe5 Be6 9. c3 Bc5 10. Nbd2 0-0 11. Bc2 Nxf2 12. Rxf2 f6 13. Nf1 Bxf2+ 14. Kxf2 fxe5 15. Kg1 Qd6 16. Be3 Rad8 17. Qe1 e4 18. Nd4 Nxd4 19. cxd4 c5 20. Rd1 c4 21. Bg5 Rd7 22. Ne3 b4 23. Bh4 a5 24. Bg3 Qc6 25. Rc1 Rb7 26. Bd1 Qd7 27. Be5 a4 28. Qg3 a3 29. b3 Rc8 30. h3 h6 31. bxc4 dxc4 32. d5 Bxd5 33. Bg4 Be6 34. Rd1 Qf7 35. Bxe6 Qxe6 36. Rd6 Qf7 37. Rg6 b3 38. Bxg7 Qxg7 39. Nf5 bxa2 40. Rxg7+ Kh8 41. Rxb7 a1Q+ 42. Kh2 Qf6 43. Ne7 Re8 44. Ng6+ Kg8 45. Ne7+ Kh8 46. Ng6+ Kg8 47. h4 a2 48. Ne5+ Kh8 49. Ng6+ Kg8 50. Ne7+ Kh8 51. Ng6+ Kg8 1/2-1/2

[Event "St Petersburg Korchnoi Memorial op"]
[Site "St Petersburg"]
[Date "2024.08.20"]
[Round "6"]
[White "Starikov, Vadim"]
[Black "Kondratyuk, Vasiliy"]
[Result "1-0"]
[WhiteElo "2007"]
[BlackElo "1818"]
[PlyCount "89"]
[EventDate "2024.08.17"]
[EventType "swiss"]
[EventRounds "9"]
[EventCountry "RUS"]
[SourceTitle "EXT 2025"]
[Source "ChessBase"]
[SourceDate "2024.10.14"]
[SourceVersion "1"]
[SourceVersionDate "2024.10.14"]
[SourceQuality "1"]

1. e4 c6 2. d4 d5 3. Nc3 dxe4 4. Nxe4 Nf6 5. Nxf6+ exf6 6. c3 Bd6 7. Bd3 Na6 8. Ne2 Nc7 9. 0-0 0-0 10. Qc2 g6 11. c4 Kg7 12. b3 Bg4 13. f3 Be6 14. Be3 Re8 15. Bf2 Qd7 16. Nc3 Red8 17. Ne4 Be7 18. Rad1 f5 19. Nc5 Qc8 20. Rfe1 Bf6 21. Bf1 b6 22. Nd3 Qb7 23. Ne5 g5 24. Bd3 f4 25. Bxh7 Rac8 26. Bf5 Rd6 27. Ng4 Re8 28. Nxf6 Kxf6 29. Be4 Kg7 30. h4 g4 31. fxg4 Bxg4 32. Rc1 Qc8 33. Qd2 Rf6 34. d5 c5 35. b4 Na6 36. a3 Qd7 37. Bb1 Rg8 38. Re5 Kf8 39. Kh2 Qa4 40. b5 Qb3 41. bxa6 Bf3 42. Rg5 Rh8 43. Qd3 Qb2 44. Qc2 Qxa3 45. Qc3 1-0

[Event "St Petersburg Korchnoi Memorial op"]
[Site "St Petersburg"]
[Date "2024.08.19"]
[Round "5"]
[White "Vasilyev, Bulat"]
[Black "Starikov, Vadim"]
[Result "1/2-1/2"]
[WhiteElo "1718"]
[BlackElo "2007"]
[PlyCount "112"]
[EventDate "2024.08.17"]
[EventType "swiss"]
[EventRounds "9"]
[EventCountry "RUS"]
[SourceTitle "EXT 2025"]
[Source "ChessBase"]
[SourceDate "2024.10.14"]
[SourceVersion "1"]
[SourceVersionDate "2024.10.14"]
[SourceQuality "1"]

1. c4 e5 2. Nc3 Nf6 3. g3 d5 4. cxd5 Nxd5 5. Bg2 Nb6 6. Nf3 Nc6 7. 0-0 Be7 8. Rb1 a5 9. d3 Be6 10. b3 0-0 11. Bb2 f6 12. Qd2 Qd7 13. Rfd1 Rfd8 14. Ba1 h6 15. Rbc1 a4 16. Qc2 axb3 17. axb3 Ra3 18. Rb1 Nb4 19. Qc1 Rxb3 20. Bb2 N4d5 21. Nxd5 Bxd5 22. d4 Bc6 23. Nd2 Rb5 24. dxe5 fxe5 25. Bf1 Rc5 26. Bc3 Ba4 27. Re1 Nd5 28. Ne4 Rc4 29. Bg2 Bb4 30. Nf6+ Nxf6 31. Rxb4 Rxb4 32. Bxb4 c6 33. Qa1 Bb5 34. Qxe5 Re8 35. Qb2 Nd5 36. Bc5 b6 37. Bd4 Rb8 38. e4 Nc7 39. Be5 Re8 40. f4 Ne6 41. Qb3 Kh7 42. Rd1 Qa7 43. Bh3 Nc5 44. Qf3 Qf7 45. Kg2 Qa2+ 46. Kg1 Qf7 47. Qg4 g6 48. Bg2 Bd3 49. Bd6 Bxe4 50. Bxc5 Bf5 51. Qf3 bxc5 52. Qxc6 Rc8 53. Qa4 Rc7 54. Qa1 c4 55. Qc3 Bd3 56. Re1 Qg7 1/2-1/2

[Event "St Petersburg Korchnoi Memorial op"]
[Site "St Petersburg"]
[Date "2024.08.18"]
[Round "3"]
[White "Abgaryan, Harutyun V"]
[Black "Starikov, Vadim"]
[Result "1/2-1/2"]
[WhiteElo "1795"]
[BlackElo "2007"]
[PlyCount "76"]
[EventDate "2024.08.17"]
[EventType "swiss"]
[EventRounds "9"]
[EventCountry "RUS"]
[SourceTitle "CBM 221 Extra"]
[Source "ChessBase"]
[SourceDate "2024.09.30"]
[SourceVersion "1"]
[SourceVersionDate "2024.09.30"]
[SourceQuality "1"]

1. e4 c5 2. Nf3 d6 3. d4 cxd4 4. Nxd4 Nf6 5. Nc3 a6 6. Be3 e5 7. Nb3 Be6 8. f3 h5 9. Qd2 Nbd7 10. Nd5 Bxd5 11. exd5 g6 12. 0-0-0 Nb6 13. Qa5 Bh6 14. Bxh6 Rxh6 15. Kb1 Qc7 16. c4 Nfd7 17. Rc1 Nc5 18. Qd2 Rh8 19. Na5 Nbd7 20. b4 b6 21. bxc5 bxa5 22. c6 Nc5 23. Bd3 0-0-0 24. Ka1 Kb8 25. Rc3 Ka7 26. Bc2 Rb8 27. Rb1 Rxb1+ 28. Kxb1 Rb8+ 29. Kc1 a4 30. Qe3 Ka8 31. Kd2 Rb2 32. Ra3 Rb4 33. Rc3 Rb8 34. Ra3 Rb4 35. Rc3 Rb2 36. Ra3 Rb4 37. Rc3 Rb2 38. Ra3 Rb4 1/2-1/2

[Event "St Petersburg Korchnoi Memorial op"]
[Site "St Petersburg"]
[Date "2024.08.18"]
[Round "4"]
[White "Starikov, Vadim"]
[Black "Afineevskij, Ilya"]
[Result "1-0"]
[WhiteElo "2007"]
[BlackElo "1816"]
[PlyCount "55"]
[EventDate "2024.08.17"]
[EventType "swiss"]
[EventRounds "9"]
[EventCountry "RUS"]
[SourceTitle "CBM 221 Extra"]
[Source "ChessBase"]
[SourceDate "2024.09.30"]
[SourceVersion "1"]
[SourceVersionDate "2024.09.30"]
[SourceQuality "1"]

1. e4 e6 2. Qe2 c5 3. Nf3 Nc6 4. g3 g6 5. Bg2 Bg7 6. 0-0 Nge7 7. e5 d6 8. exd6 Qxd6 9. d3 0-0 10. Nbd2 b6 11. Nc4 Qd8 12. a4 f6 13. c3 e5 14. Rd1 Be6 15. d4 cxd4 16. Nxd4 Nxd4 17. Rxd4 Qc8 18. Nd6 Qd7 19. Rd2 Rad8 20. Nb7 Qc7 21. Nxd8 Rxd8 22. Rxd8+ Qxd8 23. Be3 Qc8 24. a5 Bc4 25. Qd2 Nf5 26. axb6 axb6 27. Bxb6 Qb8 28. Ba7 1-0